[Event "FRA T I 120102011"]
[Site "FRA"]
[Date "2010.12.11"]
[Round "4.1"]
[White "Jolly, Jean Francois"]
[Black "Marholev, Dimitar"]
[Result "1/2-1/2"]
[WhiteElo "2374"]
[BlackElo "2404"]
[PlyCount "138"]
[EventDate "2010.10.17"]
[EventType "team-match"]
[EventRounds "9"]
[EventCountry "FRA"]
[Source "FFE"]
[SourceDate "2010.10.29"]
[WhiteTeamCountry "FRA"]
[BlackTeamCountry "FRA"]

1. e4 e5 2. Nf3 Nc6 3. Bc4 Nf6 4. d3 h6 5. c3 d6 6. Bb3 g6 7. O-O Bg7 8. Nbd2
O-O 9. Re1 Na5 10. Bc2 c5 11. b4 Nc6 12. bxc5 dxc5 13. Nc4 Nd7 14. Nd6 Qc7 15.
Nxc8 Raxc8 16. Rb1 Rfd8 17. Be3 b6 18. Qe2 Na5 19. Rbc1 Nf8 20. h4 h5 21. Red1
Ne6 22. Ng5 Qe7 23. Nxe6 Qxe6 24. Bb1 Qg4 25. Qxg4 hxg4 26. Rd2 Rd6 27. Rcd1
Rcd8 28. Kf1 Kh7 29. Ke2 Bh6 30. g3 Bxe3 31. fxe3 Kg7 32. a4 Rf6 33. Ba2 Rf3
34. Rf1 Rxf1 35. Kxf1 f5 36. Bd5 fxe4 37. dxe4 Nc4 38. Re2 Rf8+ 39. Kg2 Nd6 40.
c4 Rf3 41. Re1 g5 42. hxg5 Kg6 43. Rh1 Kxg5 44. Rh7 Rxe3 45. Re7 Nxc4 46. Bxc4
Rxe4 47. Bb5 a6 48. Bc6 Rd4 49. Rxe5+ Kf6 50. Re4 Rd2+ 51. Kf1 Kf5 52. Rf4+ Kg5
53. Bb7 b5 54. Bxa6 b4 55. Bc4 Rd1+ 56. Kf2 Rd2+ 57. Be2 b3 58. Rc4 Rc2 59.
Rxg4+ Kf6 60. Rg8 b2 61. Rb8 c4 62. Ke3 c3 63. Bd3 Rg2 64. Kd4 c2 65. Bxc2 Rxc2
66. Kd3 Rg2 67. Kc3 Ke7 68. Rxb2 Rxg3+ 69. Kb4 Kd7 1/2-1/2

[Event "FRA T I 120102011"]
[Site "FRA"]
[Date "2010.11.14"]
[Round "3.7"]
[White "Zaninetti, Laurent"]
[Black "Bleuzen, Cedric"]
[Result "0-1"]
[WhiteElo "1984"]
[BlackElo "2046"]
[PlyCount "112"]
[EventDate "2010.10.17"]
[EventType "team-match"]
[EventRounds "9"]
[EventCountry "FRA"]
[Source "FFE"]
[SourceDate "2010.10.29"]
[WhiteTeamCountry "FRA"]
[BlackTeamCountry "FRA"]

1. c4 g6 2. g3 Bg7 3. Bg2 c5 4. Nc3 Nc6 5. a3 e5 6. e3 Nge7 7. Nge2 d6 8. d3
Be6 9. Nd5 O-O 10. O-O Qd7 11. Rb1 Rad8 12. Nec3 f5 13. b4 Nc8 14. bxc5 dxc5
15. Qb3 b6 16. Rd1 Na5 17. Qc2 Kh8 18. Bb2 Qf7 19. f4 e4 20. dxe4 Nxc4 21. e5
Ne7 22. e4 Rd7 23. Qe2 Nxb2 24. Rxb2 Rfd8 25. Nxe7 Rxd1+ 26. Nxd1 Qxe7 27. Rd2
fxe4 28. Bxe4 c4 29. a4 Qc5+ 30. Kg2 Rd4 31. Qe3 Rxd2+ 32. Qxd2 Bf8 33. Qd8 Qe7
34. Qa8 Kg7 35. Ne3 Qd7 36. Bd5 Bh3+ 37. Kf3 Qxa4 38. Qb7+ Qd7 39. Qa6 Bc5 40.
Qxc4 a5 41. e6 Qe7 42. g4 Qh4 43. Qc3+ Qf6 44. Qd3 h5 45. gxh5 gxh5 46. Qb3 Qd4
47. e7 Bxe7 48. Be6 Bxe6 49. Qxe6 Qf6 50. Qc8 Kf7 51. Nd5 Qg6 52. Qd7 Qg4+ 53.
Qxg4 hxg4+ 54. Ke4 Bc5 55. f5 a4 56. Kd3 Bg1 0-1

[Event "FRA T I 120102011"]
[Site "FRA"]
[Date "2010.11.14"]
[Round "3.3"]
[White "Macon, Arthur"]
[Black "Amoyal, Pierre"]
[Result "0-1"]
[WhiteElo "1981"]
[BlackElo "2170"]
[PlyCount "110"]
[EventDate "2010.10.17"]
[EventType "team-match"]
[EventRounds "9"]
[EventCountry "FRA"]
[Source "FFE"]
[SourceDate "2010.10.29"]
[WhiteTeamCountry "FRA"]
[BlackTeamCountry "FRA"]

1. d4 Nf6 2. c4 g6 3. Nc3 d5 4. cxd5 Nxd5 5. Nf3 Bg7 6. e4 Nxc3 7. bxc3 c5 8.
Rb1 O-O 9. Be2 b6 10. O-O Bb7 11. Qd3 Ba6 12. Qe3 Bxe2 13. Qxe2 Qc7 14. Bg5 h6
15. Be3 Nd7 16. d5 Nf6 17. Bd2 Rae8 18. c4 e5 19. Ne1 Qd7 20. f3 Re7 21. Qd1
Ne8 22. Nd3 Nd6 23. Qc2 f5 24. Nf2 f4 25. a4 h5 26. a5 Nc8 27. axb6 axb6 28.
Nd1 g5 29. Nc3 Rf6 30. Rb2 Rg6 31. Qa4 Qd8 32. Rfb1 Bf8 33. Kh1 g4 34. Qd1 Reg7
35. Be1 Nd6 36. Rxb6 gxf3 37. Qxf3 Rxg2 38. Qxg2 Rxg2 39. Kxg2 Nxc4 40. Rb7
Qg5+ 41. Kh1 Qg4 42. Bf2 Qf3+ 43. Kg1 Ne3 44. Bxe3 Qxe3+ 45. Kh1 Qf3+ 46. Kg1
Qxc3 47. R7b2 Qe3+ 48. Kh1 Bd6 49. Rg1+ Kf8 50. Rbg2 Qxe4 51. h4 Qxd5 52. Kh2
f3 53. Rg5 e4+ 54. Kh1 Qa2 55. Rf5+ Ke8 0-1

[Event "FRA T I 120102011"]
[Site "FRA"]
[Date "2010.11.14"]
[Round "3.7"]
[White "Emmenecker, Philippe"]
[Black "Rabhi, Chamss Eddine"]
[Result "1-0"]
[WhiteElo "2193"]
[BlackElo "2059"]
[PlyCount "105"]
[EventDate "2010.10.17"]
[EventType "team-match"]
[EventRounds "9"]
[EventCountry "FRA"]
[Source "FFE"]
[SourceDate "2010.10.29"]
[WhiteTeamCountry "FRA"]
[BlackTeamCountry "FRA"]

1. d4 Nf6 2. c4 e6 3. Nf3 d5 4. Nc3 c6 5. g3 Nbd7 6. Bg2 Bd6 7. O-O O-O 8. Nd2
a6 9. e4 dxe4 10. Ndxe4 Be7 11. Be3 Nxe4 12. Nxe4 Nf6 13. Nc3 Qc7 14. Re1 c5
15. d5 e5 16. Bg5 Bg4 17. Qd2 Rad8 18. h3 Bf5 19. Qe3 Bd6 20. Bxf6 gxf6 21. Qh6
Bg6 22. h4 Rfe8 23. Ne4 Bf8 24. Nxf6+ Kh8 25. Nxe8 Rxe8 26. Qe3 Qd6 27. Qe2 h5
28. Bf3 f5 29. Bxh5 e4 30. Bxg6 Qxg6 31. h5 Qg5 32. Qe3 Qf6 33. Qc3 Bg7 34.
Qxf6 Bxf6 35. Re2 Bd4 36. Kg2 Kg7 37. Rd1 Kf6 38. b4 b6 39. bxc5 bxc5 40. Rb1
f4 41. Rb6+ Kf5 42. gxf4 a5 43. Re6 Rg8+ 44. Rg6 Rb8 45. Kg3 a4 46. Rg5+ Kf6
47. Rxe4 Rb1 48. Re6+ Kf7 49. Rf5+ Kg7 50. Rg6+ Kh7 51. Rf7+ Kh8 52. Ra6 Rg1+
53. Kh2 1-0

[Event "FRA T I 120102011"]
[Site "FRA"]
[Date "2010.12.11"]
[Round "4.3"]
[White "Pujos, Stephane"]
[Black "Le Roy, Brice"]
[Result "1-0"]
[WhiteElo "2324"]
[BlackElo "2310"]
[PlyCount "102"]
[EventDate "2010.10.17"]
[EventType "team-match"]
[EventRounds "9"]
[EventCountry "FRA"]
[Source "FFE"]
[SourceDate "2010.10.29"]
[WhiteTeamCountry "FRA"]
[BlackTeamCountry "FRA"]

1. d4 c6 2. e4 d5 3. Nd2 g6 4. c3 h5 5. Bd3 Na6 6. Ne2 Nc7 7. O-O Nh6 8. Nf3
dxe4 9. Bxe4 Bf5 10. Bxh6 Bxe4 11. Bxf8 Bxf3 12. Bg7 Rh7 13. Be5 Bd5 14. Qd3
Qd7 15. c4 Be6 16. d5 cxd5 17. Bxc7 Qxc7 18. cxd5 Rd8 19. Nc3 h4 20. Qf3 Bf5
21. h3 e5 22. dxe6 fxe6 23. Rfe1 Rhd7 24. Re3 Rd3 25. Rae1 Kf8 26. Ne4 Rxe3 27.
Qxe3 Kg8 28. Ng5 e5 29. Nf3 Rd3 30. Qg5 Qd8 31. Qxd8+ Rxd8 32. Rxe5 Kf8 33. Rb5
Be4 34. Rb4 Rd1+ 35. Kh2 Bxf3 36. Rf4+ Ke7 37. Rxf3 Rd2 38. Rb3 b6 39. f3 Rc2
40. Rb5 Kf6 41. a4 Rd2 42. Rb4 g5 43. f4 gxf4 44. Rxf4+ Kg5 45. Rg4+ Kh5 46. b4
a6 47. Re4 Ra2 48. a5 b5 49. Re5+ Kg6 50. Re6+ Kf5 51. Rxa6 Ra4 1-0

[Event "FRA T I 120102011"]
[Site "FRA"]
[Date "2010.12.11"]
[Round "4.8"]
[White "Esposito, Marie Christine"]
[Black "Fruteau, Sabine"]
[Result "1/2-1/2"]
[WhiteElo "2103"]
[BlackElo "2123"]
[PlyCount "99"]
[EventDate "2010.10.17"]
[EventType "team-match"]
[EventRounds "9"]
[EventCountry "FRA"]
[Source "FFE"]
[SourceDate "2010.10.29"]
[WhiteTeamCountry "FRA"]
[BlackTeamCountry "FRA"]

1. d4 Nf6 2. Nf3 e6 3. Bg5 d5 4. e3 c6 5. Nbd2 Nbd7 6. Bd3 Qb6 7. Qb1 Bd6 8.
O-O O-O 9. c4 c5 10. a3 a5 11. b3 h6 12. Bh4 Re8 13. cxd5 exd5 14. Qc2 cxd4 15.
Nxd4 Ng4 16. N2f3 Nde5 17. Be2 Bd7 18. h3 Nxf3+ 19. Bxf3 Nh2 20. Rfd1 Rac8 21.
Qe2 Nxf3+ 22. Qxf3 Re4 23. Bg3 Bc5 24. Nf5 Qe6 25. Nd4 Bxd4 26. Rxd4 Rc3 27.
Qd1 Rxd4 28. exd4 Qe4 29. Rc1 Rd3 30. Qc2 Rxd4 31. Qc7 Bc6 32. Qxa5 Qe2 33. Re1
Rd1 34. f3 Qe3+ 35. Bf2 Qxb3 36. Qd8+ Kh7 37. Qe7 Rxe1+ 38. Bxe1 Qd1 39. Qe5
Qd3 40. Bb4 d4 41. Bf8 Qg6 42. Qxd4 Bxf3 43. Qf2 Bc6 44. Qb2 f5 45. Kh2 f4 46.
Qf2 Be4 47. Bb4 Qf5 48. Bd2 g5 49. Bc3 Qd7 50. Qd4 1/2-1/2

[Event "FRA T I 120102011"]
[Site "FRA"]
[Date "2010.12.11"]
[Round "4.3"]
[White "Picard, Romain"]
[Black "Marciniak, Alexandre"]
[Result "0-1"]
[WhiteElo "2366"]
[BlackElo "2170"]
[PlyCount "100"]
[EventDate "2010.10.17"]
[EventType "team-match"]
[EventRounds "9"]
[EventCountry "FRA"]
[Source "FFE"]
[SourceDate "2010.10.29"]
[WhiteTeamCountry "FRA"]
[BlackTeamCountry "FRA"]

1. e4 e6 2. d4 d5 3. Nd2 Nf6 4. e5 Nfd7 5. c3 c5 6. Bd3 Nc6 7. Ne2 cxd4 8. cxd4
f6 9. Nf4 Nxd4 10. Qh5+ Ke7 11. exf6+ Nxf6 12. Ng6+ hxg6 13. Qxh8 Kf7 14. Qh4
e5 15. Nf3 Bb4+ 16. Kf1 e4 17. Nxd4 exd3 18. Nf3 Qe7 19. Be3 Bf5 20. Rc1 Re8
21. h3 d2 22. Rd1 Bd3+ 23. Kg1 Be2 24. Ng5+ Kg8 25. Rxd2 Bxd2 26. Bxd2 Rc8 27.
Bc3 Rc4 28. Qg3 d4 29. Bd2 d3 30. Qb8+ Qe8 31. Qxb7 Rc2 32. Qb4 Qe5 33. Qb7
Rxb2 34. Qc8+ Qe8 35. Qc4+ Kh8 36. Bc3 Rb1+ 37. Kh2 Qb8+ 38. g3 Rxh1+ 39. Kxh1
Qb7+ 40. Kh2 Bf1 41. f3 Qd7 42. Qh4+ Kg8 43. Qc4+ Kh8 44. Qb4 Qe8 45. Qh4+ Kg8
46. Qc4+ Kh8 47. Ba5 d2 48. Qxf1 Qa4 49. Nf7+ Kg8 50. Nh6+ Kh7 0-1

[Event "FRA T I 120102011"]
[Site "FRA"]
[Date "2010.11.14"]
[Round "3.7"]
[White "Coste, Thierry"]
[Black "Salles, Louis"]
[Result "0-1"]
[WhiteElo "2193"]
[BlackElo "1871"]
[PlyCount "98"]
[EventDate "2010.10.17"]
[EventType "team-match"]
[EventRounds "9"]
[EventCountry "FRA"]
[Source "FFE"]
[SourceDate "2010.10.29"]
[WhiteTeamCountry "FRA"]
[BlackTeamCountry "FRA"]

1. Nf3 Nf6 2. d4 g6 3. Nc3 d5 4. Bf4 Bg7 5. e3 O-O 6. Be2 c6 7. h4 Nbd7 8. Ne5
Ne4 9. Nxd7 Nxc3 10. bxc3 Bxd7 11. h5 c5 12. Qd2 Qa5 13. Rb1 b6 14. Rb3 Qxa2
15. Qc1 Qa4 16. O-O c4 17. Ra3 Qc6 18. Ra6 Qb7 19. Ra2 a5 20. Qa3 Rfe8 21. Bf3
e5 22. dxe5 Bf8 23. Qb2 Be6 24. Rb1 Reb8 25. Rba1 Bc5 26. Qc1 Qc7 27. Qd1 Rd8
28. Qe2 b5 29. Bg5 Re8 30. Bf6 Be7 31. Qd2 a4 32. hxg6 hxg6 33. e4 Bxf6 34.
exf6 Qe5 35. exd5 Bd7 36. Rd1 Qxf6 37. Raa1 Kg7 38. Re1 Rxe1+ 39. Rxe1 a3 40.
d6 Ra6 41. Ra1 b4 42. Qe1 b3 43. cxb3 cxb3 44. Bd5 b2 45. Rb1 Bf5 46. Rd1 a2
47. Bxa2 Rxa2 48. d7 Bxd7 49. Rxd7 b1=Q 0-1

[Event "FRA T I 120102011"]
[Site "FRA"]
[Date "2010.12.11"]
[Round "4.1"]
[White "Salaun, Yann"]
[Black "Do, Huu Thi"]
[Result "1-0"]
[WhiteElo "2331"]
[BlackElo "2202"]
[PlyCount "95"]
[EventDate "2010.10.17"]
[EventType "team-match"]
[EventRounds "9"]
[EventCountry "FRA"]
[Source "FFE"]
[SourceDate "2010.10.29"]
[WhiteTeamCountry "FRA"]
[BlackTeamCountry "FRA"]

1. Nf3 c5 2. g3 b6 3. Bg2 Bb7 4. O-O g6 5. d3 Bg7 6. e4 e6 7. Nc3 Ne7 8. d4 O-O
9. dxc5 Ba6 10. Re1 Nbc6 11. e5 f6 12. exf6 Rxf6 13. Ne4 Rf5 14. c3 Rd5 15. Qa4
Bd3 16. c4 Rf5 17. Nd6 Rf8 18. Qa3 Bc2 19. Be3 Nf5 20. Nxf5 gxf5 21. Ng5 Ne5
22. Bd4 Nd3 23. Bxg7 Qxg5 24. Bxf8 Qd2 25. Rf1 Rxf8 26. cxb6 axb6 27. Qc3 Qe2
28. Rae1 Nxe1 29. Rxe1 Qd3 30. Qxd3 Bxd3 31. b3 b5 32. c5 b4 33. Rd1 Bb5 34.
Bf1 Bc6 35. Bg2 Bb5 36. Rd4 Rc8 37. c6 d5 38. Rxb4 Bxc6 39. Rb6 Bd7 40. Bf1 Rc1
41. a4 Bc6 42. a5 d4 43. a6 Bd5 44. Rb4 e5 45. Rb6 e4 46. a7 Kf7 47. Rd6 e3 48.
fxe3 1-0

[Event "FRA T I 120102011"]
[Site "FRA"]
[Date "2010.12.11"]
[Round "4.8"]
[White "Habiballah, Sarah"]
[Black "Duval, Claire"]
[Result "0-1"]
[WhiteElo "1220"]
[BlackElo "1670"]
[PlyCount "96"]
[EventDate "2010.10.17"]
[EventType "team-match"]
[EventRounds "9"]
[EventCountry "FRA"]
[Source "FFE"]
[SourceDate "2010.10.29"]
[WhiteTeamCountry "FRA"]
[BlackTeamCountry "FRA"]

1. e4 c6 2. d4 d5 3. Nc3 dxe4 4. Nxe4 Bf5 5. f3 e6 6. Be3 Bxe4 7. fxe4 Qh4+ 8.
Bf2 Qxe4+ 9. Qe2 Nf6 10. O-O-O Nbd7 11. Re1 Qxe2 12. Bxe2 Bd6 13. Kb1 Bf4 14.
Nf3 O-O-O 15. g3 Bc7 16. Ng5 Rhf8 17. Bd3 h6 18. Nf3 Ba5 19. c3 Nd5 20. Kc2 b5
21. b4 Bc7 22. Rb1 N7b6 23. Rb3 Na4 24. c4 bxc4 25. Bxc4 Nab6 26. Bxd5 cxd5 27.
Rc1 Kb7 28. Ne5 Rc8 29. Kb2 Bxe5 30. dxe5 Nc4+ 31. Kb1 Nd2+ 32. Kb2 Nxb3 33.
axb3 Rxc1 34. Kxc1 Rc8+ 35. Kb2 a6 36. Ka3 f6 37. exf6 gxf6 38. Ka4 Rc1 39. Bd4
e5 40. Bb2 Rc2 41. Ba3 d4 42. b5 d3 43. Ka5 axb5 44. Kxb5 d2 45. b4 Ra2 46. Ka4
d1=Q+ 47. Ka5 Rxa3+ 48. Kb5 Qd5# 0-1

[Event "FRA T I 120102011"]
[Site "FRA"]
[Date "2010.11.14"]
[Round "3.1"]
[White "Fantinel, Thibault"]
[Black "Lejarre, Ludovic"]
[Result "0-1"]
[WhiteElo "2220"]
[BlackElo "2395"]
[PlyCount "96"]
[EventDate "2010.10.17"]
[EventType "team-match"]
[EventRounds "9"]
[EventCountry "FRA"]
[Source "FFE"]
[SourceDate "2010.10.29"]
[WhiteTeamCountry "FRA"]
[BlackTeamCountry "FRA"]

1. c4 g6 2. g3 Bg7 3. Bg2 d6 4. Nc3 e5 5. d3 Nc6 6. e4 f5 7. Nge2 Nf6 8. O-O
O-O 9. Nd5 Be6 10. Bg5 Qd7 11. Qd2 Nh5 12. exf5 Bxf5 13. Rad1 Rf7 14. b4 Raf8
15. b5 Nd8 16. Bxd8 Rxd8 17. Nb4 Qc8 18. Qe3 a5 19. bxa6 bxa6 20. Nc6 Re8 21.
Nc3 Bh3 22. Nd5 Bxg2 23. Kxg2 Kh8 24. Qe4 Qd7 25. Ndb4 Ref8 26. f3 Nf6 27. Qe2
Ra8 28. Na5 Qa4 29. Nbc6 Nd7 30. Rb1 Nc5 31. Rf2 Raf8 32. Rd1 Qa3 33. Qc2 e4
34. dxe4 Rxf3 35. Rdf1 Rxf2+ 36. Rxf2 Qe3 37. Rxf8+ Bxf8 38. Qb2+ Kg8 39. Qd4
Qe2+ 40. Kg1 Nxe4 41. Nb3 Bh6 42. Ne7+ Kf7 43. Nd5 c5 44. Qa1 Be3+ 45. Nxe3
Qxe3+ 46. Kh1 Qf3+ 47. Kg1 Nc3 48. Nc1 Nd1 0-1

[Event "FRA T I 120102011"]
[Site "FRA"]
[Date "2010.12.11"]
[Round "4.2"]
[White "Landenbergue, Claude"]
[Black "Rabineau, Clement"]
[Result "1-0"]
[WhiteElo "2409"]
[BlackElo "2323"]
[PlyCount "93"]
[EventDate "2010.10.17"]
[EventType "team-match"]
[EventRounds "9"]
[EventCountry "FRA"]
[Source "FFE"]
[SourceDate "2010.10.29"]
[WhiteTeamCountry "FRA"]
[BlackTeamCountry "FRA"]

1. e4 e5 2. Nf3 Nf6 3. Nc3 Bb4 4. d3 d5 5. exd5 Nxd5 6. Bd2 Nc6 7. g3 O-O 8.
Bg2 Bg4 9. h3 Bh5 10. g4 Bg6 11. Nxd5 Qxd5 12. Nh4 Bxd2+ 13. Qxd2 Qd6 14. O-O-O
Nd4 15. Rhe1 c6 16. Qe3 f6 17. Nxg6 hxg6 18. c3 Ne6 19. d4 Nf4 20. dxe5 Qxe5
21. Qxe5 fxe5 22. Bf1 Rae8 23. Rd7 Rf7 24. Bc4 Nd5 25. Rxd5 cxd5 26. Bxd5 Kf8
27. Bxf7 Kxf7 28. Kd2 Kf6 29. Re3 Kg5 30. Ke2 e4 31. c4 Kf4 32. Ra3 a6 33. Rb3
Re7 34. Rb6 e3 35. Rxg6 exf2+ 36. Kxf2 Rd7 37. Rb6 Rd2+ 38. Ke1 Rd7 39. Ke2 g5
40. Rb3 Rd4 41. Rf3+ Ke5 42. Re3+ Kf4 43. b3 Rd7 44. Rd3 Rh7 45. Kd2 Rh8 46. b4
b6 47. Kc3 1-0

[Event "FRA T I 120102011"]
[Site "FRA"]
[Date "2010.12.11"]
[Round "4.7"]
[White "Picard, Clement"]
[Black "Zaninetti, Laurent"]
[Result "1/2-1/2"]
[WhiteElo "2190"]
[BlackElo "1984"]
[PlyCount "93"]
[EventDate "2010.10.17"]
[EventType "team-match"]
[EventRounds "9"]
[EventCountry "FRA"]
[Source "FFE"]
[SourceDate "2010.10.29"]
[WhiteTeamCountry "FRA"]
[BlackTeamCountry "FRA"]

1. e4 c6 2. d4 d5 3. Nc3 dxe4 4. Nxe4 Nf6 5. Nxf6+ gxf6 6. Nf3 Bf5 7. g3 Nd7 8.
Bg2 e6 9. O-O Bg7 10. Re1 O-O 11. Nh4 Bg6 12. Nxg6 hxg6 13. h4 f5 14. Bf4 Qb6
15. c3 Rad8 16. Qc2 Rfe8 17. a4 a5 18. Rad1 Nf6 19. Bg5 Rd7 20. Re2 Nd5 21.
Rde1 f6 22. Bc1 Kf7 23. Bh3 Rde7 24. b3 e5 25. Ba3 Re6 26. h5 e4 27. hxg6+ Kxg6
28. c4 Nb4 29. Bxb4 axb4 30. g4 fxg4 31. Rxe4 Rxe4 32. Rxe4 Rxe4 33. Qxe4+ f5
34. Qe8+ Kg5 35. c5 Qc7 36. Bf1 Bxd4 37. Qg8+ Qg7 38. Qd8+ Kg6 39. Kg2 Bxc5 40.
Bc4 Qf8 41. Qxf8 Bxf8 42. f3 Bd6 43. fxg4 fxg4 44. Be6 Kg5 45. Bc8 b6 46. Bd7
c5 47. Be6 1/2-1/2

[Event "FRA T I 120102011"]
[Site "FRA"]
[Date "2010.11.14"]
[Round "3.5"]
[White "Tirard, Hugo"]
[Black "Saada, Julien"]
[Result "1-0"]
[WhiteElo "2471"]
[BlackElo "2300"]
[PlyCount "91"]
[EventDate "2010.10.17"]
[EventType "team-match"]
[EventRounds "9"]
[EventCountry "FRA"]
[Source "FFE"]
[SourceDate "2010.10.29"]
[WhiteTeamCountry "FRA"]
[BlackTeamCountry "FRA"]

1. e4 c6 2. d4 d5 3. e5 Bf5 4. Nf3 e6 5. Be2 Nd7 6. O-O Bg6 7. Nbd2 Nh6 8. Nb3
Be7 9. a4 O-O 10. a5 Nf5 11. a6 b6 12. c4 Bh5 13. cxd5 cxd5 14. h3 Bxf3 15.
Bxf3 Rc8 16. Qd3 Nb8 17. Bd2 Qd7 18. Be2 Nc6 19. Bc3 f6 20. exf6 Rxf6 21. Nd2
Rcf8 22. Nf3 R6f7 23. Rac1 Nh4 24. Nxh4 Bxh4 25. g3 Bf6 26. Bg4 Qd6 27. f4 g5
28. Qe3 gxf4 29. Qxe6 Bxd4+ 30. Bxd4 Qxe6 31. Bxe6 Nxd4 32. Bxf7+ Rxf7 33. Rc8+
Kg7 34. gxf4 Ne2+ 35. Kf2 Nxf4 36. Ke3 Re7+ 37. Kxf4 Rf7+ 38. Ke5 Rxf1 39. Rc7+
Kg6 40. Kxd5 Rb1 41. Rxa7 Rxb2 42. Rc7 h5 43. a7 Ra2 44. Kc6 Kg5 45. Kb7 b5 46.
Rc3 1-0

[Event "FRA T I 120102011"]
[Site "FRA"]
[Date "2010.11.14"]
[Round "3.2"]
[White "Jolly, Jean Francois"]
[Black "Voisembert, Alain"]
[Result "1/2-1/2"]
[WhiteElo "2374"]
[BlackElo "2093"]
[PlyCount "92"]
[EventDate "2010.10.17"]
[EventType "team-match"]
[EventRounds "9"]
[EventCountry "FRA"]
[Source "FFE"]
[SourceDate "2010.10.29"]
[WhiteTeamCountry "FRA"]
[BlackTeamCountry "FRA"]

1. d4 Nf6 2. c4 e6 3. g3 d5 4. Bg2 Be7 5. Nf3 O-O 6. O-O Nbd7 7. b3 c5 8. cxd5
Nxd5 9. Bb2 cxd4 10. Nxd4 Bf6 11. Nd2 N7b6 12. Ne4 Be7 13. Rc1 Bd7 14. Nc5 Bxc5
15. Rxc5 Rc8 16. Rxc8 Nxc8 17. Qd2 Nce7 18. e4 Nf6 19. Qb4 b6 20. Rc1 e5 21.
Nb5 a5 22. Qc4 Qb8 23. Qc7 Qxc7 24. Rxc7 Rc8 25. Rxc8+ Nxc8 26. Na3 Bc6 27. Bh3
Bd7 28. Bg2 Bc6 29. Bxe5 Bxe4 30. Bxf6 Bxg2 31. Kxg2 gxf6 32. Nc4 Kg7 33. Kf3
f5 34. Kf4 Kf6 35. h4 h6 36. a4 Ke6 37. h5 Kf6 38. Ne3 Ne7 39. g4 fxg4 40.
Nxg4+ Ke6 41. Nxh6 f5 42. Kg5 Ke5 43. f4+ Ke6 44. Ng8 Nxg8 45. h6 Nf6 46. Kg6
Nh7 1/2-1/2

[Event "FRA T I 120102011"]
[Site "FRA"]
[Date "2010.12.11"]
[Round "4.2"]
[White "Cotonnec, Melkior"]
[Black "Tirard, Hugo"]
[Result "0-1"]
[WhiteElo "2307"]
[BlackElo "2471"]
[PlyCount "90"]
[EventDate "2010.10.17"]
[EventType "team-match"]
[EventRounds "9"]
[EventCountry "FRA"]
[Source "FFE"]
[SourceDate "2010.10.29"]
[WhiteTeamCountry "FRA"]
[BlackTeamCountry "FRA"]

1. e4 c5 2. Nf3 Nc6 3. d4 cxd4 4. Nxd4 Nf6 5. Nc3 e5 6. Ndb5 d6 7. Bg5 a6 8.
Na3 b5 9. Bxf6 gxf6 10. Nd5 Bg7 11. Bd3 Ne7 12. Nxe7 Qxe7 13. O-O f5 14. c4 O-O
15. cxb5 d5 16. exd5 e4 17. Qe2 Qb4 18. Bc4 Qxb2 19. Nc2 axb5 20. Rab1 Qf6 21.
Rxb5 f4 22. Qxe4 Bf5 23. Qe2 Qc3 24. Ne1 Rfe8 25. Rb3 Rxe2 26. Rxc3 Rxe1 27.
Rxe1 Bxc3 28. Re2 Kf8 29. Bb5 Rb8 30. a4 Bd7 31. g3 Bxb5 32. axb5 Rxb5 33. Kg2
Rxd5 34. Rc2 Rd3 35. gxf4 Kg7 36. Rc1 Kg6 37. f3 Kf5 38. Kg3 h5 39. Rb1 Rd5 40.
Rc1 Rc5 41. Rd1 f6 42. h3 h4+ 43. Kxh4 Kxf4 44. Rf1 Re5 45. Rf2 Bb4 0-1

[Event "FRA T I 120102011"]
[Site "FRA"]
[Date "2010.11.14"]
[Round "3.8"]
[White "Brun, Francoise"]
[Black "Esposito, Marie Christine"]
[Result "0-1"]
[WhiteElo "1499"]
[BlackElo "2103"]
[PlyCount "90"]
[EventDate "2010.10.17"]
[EventType "team-match"]
[EventRounds "9"]
[EventCountry "FRA"]
[Source "FFE"]
[SourceDate "2010.10.29"]
[WhiteTeamCountry "FRA"]
[BlackTeamCountry "FRA"]

1. e4 d6 2. d4 Nf6 3. Nc3 Nbd7 4. Nf3 e5 5. d5 Nc5 6. Bd3 a5 7. h3 Be7 8. O-O
O-O 9. Re1 Ne8 10. Be3 b6 11. Nd2 Nxd3 12. cxd3 f5 13. f3 Bh4 14. Rf1 f4 15.
Bf2 Qg5 16. Bxh4 Qxh4 17. Qe1 Qg5 18. Kh1 Rf6 19. Qf2 Rh6 20. Kh2 Qh5 21. h4
Qg5 22. g3 fxg3+ 23. Qxg3 Qxd2+ 24. Rf2 Qf4 25. Qxf4 exf4 26. Ne2 Rxh4+ 27. Kg1
Ba6 28. Rd1 Nf6 29. Nd4 Nd7 30. Ne6 Rc8 31. Rc2 Nc5 32. Rc3 Nxe6 33. dxe6 Rh6
34. e7 Re6 35. d4 Rxe7 36. d5 g5 37. Kh2 h5 38. Rg1 Rg7 39. Rc2 Kf7 40. Rcg2
Kf6 41. Kh3 g4+ 42. Kh4 Rcg8 43. a4 gxf3 44. Rxg7 Rxg7 45. Re1 f2 0-1

[Event "FRA T I 120102011"]
[Site "FRA"]
[Date "2010.12.11"]
[Round "4.3"]
[White "Amoyal, Pierre"]
[Black "Colin, Vincent"]
[Result "0-1"]
[WhiteElo "2170"]
[BlackElo "2444"]
[PlyCount "88"]
[EventDate "2010.10.17"]
[EventType "team-match"]
[EventRounds "9"]
[EventCountry "FRA"]
[Source "FFE"]
[SourceDate "2010.10.29"]
[WhiteTeam "Deauville"]
[BlackTeamCountry "FRA"]

1. d4 Nf6 2. c4 e6 3. Nf3 Bb4+ 4. Bd2 Qe7 5. g3 Nc6 6. Nc3 O-O 7. Bg2 Na5 8. b3
b6 9. O-O Bb7 10. a3 Bxa3 11. Nb5 Bb4 12. Nxc7 Rac8 13. Nb5 a6 14. Bxb4 Qxb4
15. Ra4 Qe7 16. Nc3 Bc6 17. Ra2 Qb4 18. d5 Qxc3 19. dxc6 dxc6 20. Qc2 Qxc2 21.
Rxc2 c5 22. Ne5 Rfd8 23. Rb1 Kf8 24. Ra2 Nd7 25. Nd3 Nb8 26. Nxc5 Rxc5 27. b4
Rxc4 28. bxa5 b5 29. e3 Rdc8 30. Bf3 Rc1+ 31. Rxc1 Rxc1+ 32. Kg2 Ke7 33. g4 Nc6
34. Be2 Kd6 35. h3 Kc7 36. Bf3 g5 37. Be4 h6 38. f4 Rc4 39. Kf3 f6 40. h4 Rc3
41. h5 gxf4 42. Kxf4 Rc4 43. Ra1 Ne5 44. Rg1 b4 0-1

[Event "FRA T I 120102011"]
[Site "FRA"]
[Date "2010.11.14"]
[Round "3.7"]
[White "Plane, Boris"]
[Black "Barbot, Pierre"]
[Result "0-1"]
[WhiteElo "2121"]
[BlackElo "2177"]
[PlyCount "88"]
[EventDate "2010.10.17"]
[EventType "team-match"]
[EventRounds "9"]
[EventCountry "FRA"]
[Source "FFE"]
[SourceDate "2010.10.29"]
[BlackTeamCountry "FRA"]

1. e4 c5 2. Nf3 Nc6 3. Nc3 d6 4. d4 cxd4 5. Nxd4 Nf6 6. Be2 e5 7. Nf3 Be7 8.
O-O O-O 9. Bg5 Be6 10. Bxf6 Bxf6 11. Nd5 Bxd5 12. Qxd5 Qb6 13. Rab1 Rfd8 14.
Bc4 Qc7 15. c3 Rac8 16. Rfd1 Nb4 17. Qxf7+ Qxf7 18. Bxf7+ Kxf7 19. cxb4 Rc4 20.
Nd2 Rxb4 21. a3 Rd4 22. f3 Bg5 23. Nb3 Rc4 24. Rd3 b6 25. g3 Ke7 26. Rf1 Rc2
27. f4 Bf6 28. Rfd1 Rxb2 29. Nd2 Rc2 30. Nf3 Ke6 31. h4 exf4 32. gxf4 Rc3 33.
f5+ Kf7 34. e5 Rxd3 35. Rxd3 dxe5 36. Nxe5+ Kf8 37. Rxd8+ Bxd8 38. Nc6 Be7 39.
a4 a6 40. Nb8 b5 41. axb5 axb5 42. Nc6 b4 43. Nxb4 Bxb4 44. Kg2 h5 0-1

[Event "FRA T I 120102011"]
[Site "FRA"]
[Date "2010.11.14"]
[Round "3.3"]
[White "Cotonnec, Melkior"]
[Black "Chabradze, Boris"]
[Result "1-0"]
[WhiteElo "2307"]
[BlackElo "2237"]
[PlyCount "85"]
[EventDate "2010.10.17"]
[EventType "team-match"]
[EventRounds "9"]
[EventCountry "FRA"]
[Source "FFE"]
[SourceDate "2010.10.29"]
[BlackTeamCountry "FRA"]

1. e4 c5 2. Nf3 d6 3. d4 cxd4 4. Nxd4 Nf6 5. Nc3 a6 6. Bg5 e6 7. f4 Be7 8. Qf3
Qa5 9. O-O-O Bd7 10. g4 Nc6 11. Nb3 Qc7 12. Kb1 Rc8 13. Bxf6 Bxf6 14. g5 Be7
15. h4 b5 16. Bh3 b4 17. Ne2 a5 18. Nbd4 Nxd4 19. Nxd4 a4 20. h5 a3 21. g6 O-O
22. Qb3 Qc4 23. gxf7+ Kxf7 24. e5 Qxb3 25. axb3 dxe5 26. Nf3 Bb5 27. Nxe5+ Kf6
28. bxa3 bxa3 29. c4 Bc6 30. Rhe1 Bb4 31. Re2 Rfd8 32. Rxd8 Rxd8 33. Nxc6 Rd1+
34. Ka2 Bc3 35. Kxa3 Ra1+ 36. Ra2 Rh1 37. Bg4 Rg1 38. Ne5 Bxe5 39. fxe5+ Kxe5
40. Re2+ Kd4 41. Bxe6 Kc3 42. Re3+ Kd4 43. Rh3 1-0